000 00353nam a22001337a 4500
020 _a0-87170-080-8
082 _a669.9 CAR'P
100 _aCARTER, GILES F
_976046
245 _aPRINCIPLES OF PHYSICAL AND CHEMICAL METALLURGY
260 _aOHIO
_bASM
_c1979
300 _a431P
650 _aPHYSICAL METALLURGY CHEMISTRY METALLURGY
_976047
942 _cBK
999 _c581448
_d581448